[Event "Rheinland Pfalz-ch Blitz"]
[Site "Landau"]
[Date "2024.05.05"]
[Round "3"]
[White "Gauer, Manuel"]
[Black "Karpa, Adrian"]
[Result "1-0"]
[WhiteElo "1972"]
[BlackElo "2077"]
[PlyCount "69"]
[EventDate "2024.05.05"]
[EventType "tourn (blitz)"]
[EventRounds "29"]
[EventCountry "GER"]
[SourceTitle "CBM 220 Extra"]
[Source "ChessBase"]
[SourceDate "2024.07.31"]
[SourceVersion "1"]
[SourceVersionDate "2024.07.31"]
[SourceQuality "1"]

1. d4 Nf6 2. Nf3 g6 3. c4 Bg7 4. Nc3 0-0 5. e4 d6 6. Be2 e5 7. dxe5 dxe5 8. Qxd8 Rxd8 9. Bg5 Rf8 10. Nd5 Nxd5 11. cxd5 c6 12. Bc4 cxd5 13. Bxd5 Nc6 14. 0-0-0 Bg4 15. Kb1 Bxf3 16. gxf3 Nd4 17. Bxb7 Rab8 18. Bd5 Nxf3 19. Be3 a5 20. h3 Rb4 21. Bc5 Rfb8 22. Bxb4 axb4 23. Rc1 b3 24. axb3 Nd2+ 25. Kc2 Nf3 26. Kd3 Rb4 27. Rc7 Ng5 28. Ra1 Bf8 29. Ra8 Rd4+ 30. Ke3 Kg7 31. h4 Nh3 32. Rxf7+ Kh6 33. Raxf8 Nf4 34. Bc4 Kh5 35. Rxf4 1-0

[Event "Rheinland Pfalz-ch Blitz"]
[Site "Landau"]
[Date "2024.05.05"]
[Round "1"]
[White "Lebzak, Yaroslav"]
[Black "Karpa, Adrian"]
[Result "0-1"]
[WhiteElo "2085"]
[BlackElo "2077"]
[PlyCount "96"]
[EventDate "2024.05.05"]
[EventType "tourn (blitz)"]
[EventRounds "29"]
[EventCountry "GER"]
[SourceTitle "CBM 220 Extra"]
[Source "ChessBase"]
[SourceDate "2024.07.31"]
[SourceVersion "1"]
[SourceVersionDate "2024.07.31"]
[SourceQuality "1"]

1. e4 e5 2. Nf3 Nc6 3. Bc4 Nf6 4. Ng5 d5 5. exd5 Na5 6. Bb5+ c6 7. dxc6 bxc6 8. Bd3 Nd5 9. Nf3 Nf4 10. 0-0 Nxd3 11. cxd3 Bd6 12. Re1 Bg4 13. h3 Bh5 14. d4 f6 15. dxe5 fxe5 16. b4 Nc4 17. d3 Nb6 18. g4 Bg6 19. Nxe5 0-0 20. f4 Bxb4 21. Qb3+ Nd5 22. Rf1 Bf7 23. Nxf7 Rxf7 24. Na3 Qh4 25. d4 Bc3 26. Kg2 Bxa1 27. Bd2 Bxd4 28. Nc4 Re8 29. Nd6 Re2+ 30. Kf3 Rf2+ 31. Ke4 Rxf1 32. Nxf7 Qe7+ 33. Ne5 Bxe5 34. fxe5 Rf2 35. Qb8+ Qf8 36. Qb2 Qf3+ 37. Kd4 Qg2 38. Qb8+ Rf8 39. Qb2 Rf4+ 40. Kc5 Qf2+ 41. Kd6 Rd4 42. e6 Nb6+ 43. Kc7 Qxd2 44. Qb3 Kf8 45. Qf3+ Qf4+ 46. Qxf4+ Rxf4 47. Kd8 Nd5 48. Kd7 Ne7 0-1

[Event "Berlin Lichtenberger op 9th"]
[Site "Berlin"]
[Date "2010.08.14"]
[Round "8"]
[White "Meissner, Hans Juergen"]
[Black "Karpa, Adrian"]
[Result "1-0"]
[WhiteElo "2255"]
[BlackElo "1852"]
[PlyCount "83"]
[EventDate "2010.08.07"]
[EventType "swiss"]
[EventRounds "9"]
[EventCountry "GER"]
[SourceTitle "CBM 137 Extra"]
[Source "ChessBase"]
[SourceDate "2010.09.01"]
[SourceVersion "1"]
[SourceVersionDate "2010.09.01"]
[SourceQuality "1"]

1. e4 c5 2. Nf3 d6 3. c4 Nc6 4. d4 cxd4 5. Nxd4 Nf6 6. Nc3 g6 7. Be2 Bg7 8. Be3 Bd7 9. 0-0 0-0 10. h3 a6 11. Re1 Nxd4 12. Bxd4 Qa5 13. Bf1 Bc6 14. Nd5 Bxd5 15. exd5 Rfe8 16. a3 Nd7 17. b4 Qc7 18. Bxg7 Kxg7 19. Qd4+ Kg8 20. Rac1 Rac8 21. Rc3 Qb8 22. Qh4 Nf6 23. Rce3 Qc7 24. Qd4 Qd7 25. Qb6 Qc7 26. Qd4 Qd7 27. a4 Qc7 28. a5 Qd8 29. Bd3 Qd7 30. Bc2 Rc7 31. Bb3 Kg7 32. g4 h6 33. f4 Kg8 34. R1e2 Kh7 35. Kh2 Qc8 36. Rf3 Rf8 37. g5 hxg5 38. fxg5 Nh5 39. Qg4 Qb8 40. Ref2 Kg8 41. Bc2 Rcc8 42. Rxf7 1-0

[Event "Berlin Lichtenberger op 9th"]
[Site "Berlin"]
[Date "2010.08.09"]
[Round "3"]
[White "Karpa, Adrian"]
[Black "Lachmann, Daniel"]
[Result "1-0"]
[WhiteElo "1852"]
[BlackElo "1756"]
[PlyCount "65"]
[EventDate "2010.08.07"]
[EventType "swiss"]
[EventRounds "9"]
[EventCountry "GER"]
[SourceTitle "CBM 137 Extra"]
[Source "ChessBase"]
[SourceDate "2010.09.01"]
[SourceVersion "1"]
[SourceVersionDate "2010.09.01"]
[SourceQuality "1"]

1. e4 c5 2. Nf3 d6 3. d4 cxd4 4. Nxd4 Nf6 5. Nc3 Nc6 6. Be2 g6 7. Be3 Bg7 8. Qd2 0-0 9. 0-0 Ng4 10. Bxg4 Bxg4 11. f4 Bd7 12. Nxc6 bxc6 13. f5 Qc7 14. Rf3 Rab8 15. Rb1 Qa5 16. Bd4 Bxd4+ 17. Qxd4 Qb6 18. Ne2 Qxd4+ 19. Nxd4 c5 20. Ne2 Bc6 21. Ng3 Rb4 22. Re3 Rfb8 23. b3 Rd4 24. Kf2 Kg7 25. Ke1 Kf6 26. c3 Ra4 27. Rb2 Ra3 28. Rf2 c4 29. fxg6+ Kxg6 30. Nf5 Bd7 31. Rg3+ Kf6 32. Nxd6+ Ke6 33. Nxc4 1-0

[Event "GER-chT U16"]
[Site "Bingen"]
[Date "2008.12.28"]
[Round "3.2"]
[White "Rafayevych, Vilen"]
[Black "Karpa, Adrian"]
[Result "0-1"]
[WhiteElo "1992"]
[BlackElo "1627"]
[PlyCount "120"]
[EventDate "2008.12.27"]
[EventType "team-swiss"]
[EventRounds "7"]
[EventCountry "GER"]
[SourceTitle "EXT 2010"]
[Source "ChessBase"]
[SourceDate "2010.11.25"]
[SourceVersion "1"]
[SourceVersionDate "2010.11.25"]
[SourceQuality "1"]
[WhiteTeam "Magdeburg Aufbau Elbe U16"]
[BlackTeam "Landau U16"]
[WhiteTeamCountry "GER"]
[BlackTeamCountry "GER"]

1. d4 Nf6 2. c4 g6 3. Nc3 Bg7 4. e4 0-0 5. f3 d6 6. Be3 e5 7. d5 Nh5 8. Nge2 f5 9. exf5 gxf5 10. f4 Re8 11. fxe5 Bxe5 12. Bf2 Qf6 13. Qc2 Bd4 14. Bxd4 Qxd4 15. Nb5 Qh4+ 16. Kd1 Qe7 17. g3 Na6 18. Bg2 Nf6 19. Bf3 Nc5 20. Nbc3 Qe3 21. Rf1 Nd3 22. Nc1 Ne1 23. Qf2 Nxf3 24. Qxf3 Ng4 25. N1e2 Qb6 26. Kc1 Nxh2 27. Qh5 Qe3+ 28. Kc2 Nxf1 29. Rxf1 Bd7 30. Rh1 Qe7 31. Nf4 Qg7 32. Qh4 Rf8 33. Nh5 Qh6 34. Ne2 Rae8 35. Nef4 Re4 36. Kd3 b5 37. b3 bxc4+ 38. bxc4 Kf7 39. Qh2 Rfe8 40. Qf2 c6 41. Qxa7 R8e7 42. Qf2 c5 43. Rh4 Rd4+ 44. Kc3 Ree4 45. a3 Rxc4+ 46. Kb2 Ba4 47. Rh1 Rc2+ 48. Qxc2 Bxc2 49. Kxc2 Qg5 50. Rb1 Qg4 51. Rb7+ Re7 52. Rb6 Re2+ 53. Kb1 Re1+ 54. Ka2 Qd1 55. Rb7+ Re7 56. Rb2 Ra7 57. g4 c4 58. gxf5 c3 59. Rg2 Qd2+ 60. Kb3 Rb7+ 0-1

[Event "RLP-ch MTB 26th"]
[Site "Ludwigshafen"]
[Date "2007.07.18"]
[Round "3"]
[White "Karpa, Adrian"]
[Black "Trinkl, Andreas"]
[Result "0-1"]
[WhiteElo "1343"]
[BlackElo "1652"]
[PlyCount "118"]
[EventDate "2007.07.13"]
[EventType "swiss"]
[EventRounds "7"]
[EventCountry "GER"]
[SourceTitle "EXT 2009"]
[Source "ChessBase"]
[SourceDate "2008.11.26"]
[SourceVersion "1"]
[SourceVersionDate "2008.11.26"]
[SourceQuality "1"]

1. e4 c6 2. d4 d5 3. exd5 cxd5 4. Nf3 Nf6 5. Bd3 e6 6. Bg5 Nbd7 7. c3 Bd6 8. Qc2 Qc7 9. 0-0 h6 10. Bh4 0-0 11. Nbd2 a5 12. Rac1 b6 13. Qb3 Ba6 14. c4 Qb7 15. Rfe1 a4 16. Qd1 Rfc8 17. Ne5 a3 18. b3 Bb4 19. Bb1 Nxe5 20. Bxf6 Nd7 21. Bh4 dxc4 22. bxc4 Nf8 23. Bd3 Qd7 24. d5 exd5 25. Re5 Bxd2 26. Re7 Qd6 27. Qf3 Qxe7 28. Bxe7 Bxc1 29. Qxd5 Re8 30. h3 Rac8 31. Bb4 Bb2 32. Qf5 Bxc4 33. Bb1 Be6 34. Qd3 Ng6 35. Bd2 Red8 36. Qe3 Bc1 37. Bxc1 Rd1+ 38. Kh2 Rcxc1 39. Bxg6 fxg6 40. Qxe6+ Kh7 41. Qxb6 Rc2 42. Qb3 Rdd2 43. Qxa3 Rxf2 44. Qg3 Rxa2 45. Kg1 Rxg2+ 46. Qxg2 Rxg2+ 47. Kxg2 g5 48. Kg3 Kg6 49. Kg4 h5+ 50. Kg3 Kf5 51. Kf3 h4 52. Ke3 g4 53. Kf2 gxh3 54. Kg1 g5 55. Kh1 Kf4 56. Kg1 g4 57. Kh1 g3 58. Kg1 Kf3 59. Kh1 g2+ 0-1